000 00233nam a22000857a 4500
008 160916b xxu||||| |||| 00| 0 eng d
100 _9551
_aGupta.K.etal
245 _aEnvironment Studies-W.B-3
260 _aNew Delhi
_bAPC. Publications
_c2011
999 _c3208
_d3208